| 000 | 01063nam a22003497a 4500 | ||
|---|---|---|---|
| 003 | CHAP | ||
| 005 | 20220329143340.0 | ||
| 008 | 081031s1985 es a r 00010 spa d | ||
| 010 | _a95335 | ||
| 011 | _a96307 | ||
| 020 | _a8474321891 | ||
| 035 | _a106955 | ||
| 040 | _cCHAP | ||
| 082 | 0 | 4 |
_a612.825 _bS83 1985 |
| 100 | 1 |
_aSpringer, S.P. _9109303 |
|
| 245 | 1 | 0 |
_aCerebro izquierdo, cerebro derecho _c/por S.P. Springer y G. Deutsch |
| 250 | _a2 ed. | ||
| 260 |
_aBarcelona, Esp. : _bGedisa, _c1985 |
||
| 300 |
_a235 p. : _bilus. |
||
| 490 | 0 | _aLímites de la ciencia | |
| 590 |
_aBATCH-UPD _b10 _c20130110 _lUCH01 _h0500 |
||
| 590 |
_aBATCH-UPD _b10 _c20130410 _lUCH01 _h0138 |
||
| 590 |
_aBATCH-UPD _b10 _c20130914 _lUCH01 _h0916 |
||
| 590 |
_aCONVERSION _b10 _c20130109 _lUCH01 _h1353 |
||
| 650 | 1 | 4 |
_aCerebro. _921485 |
| 650 | 1 | 4 |
_aSistema nervioso. _9106730 |
| 700 | 1 |
_aDeutsch, G. _932227 |
|
| 830 | 0 |
_aLímites de la ciencia _967484 |
|
| 901 | _aBK | ||
| 942 | _cLIBRO | ||
| 949 |
_a612.825 S83 1985 _bBC _cLIBRO _d33724002077941 _eLIBRO _h109840 _i106955 _sb |
||
| 999 |
_c95335 _d95335 |
||